| 000 | 01720nam a2200433Ii 4500 | ||
|---|---|---|---|
| 001 | DIGHERDER0161 | ||
| 003 | NyNyDIG | ||
| 007 | cr ||||||||||| | ||
| 008 | 220416s2012 sp o 000 0 spa d | ||
| 006 | m o d | ||
| 035 | _a(OCoLC)993761318 | ||
| 040 |
_aDGITA _beng _erda _epn _cDGITA |
||
| 020 |
_a9788425429682 _qeBook _qePub |
||
| 020 | _z9788425424335 | ||
| 041 | 1 |
_aspa _hger |
|
| 050 | 1 | 4 | _aBR872 ebook |
| 100 | 0 |
_aBenedict _bXVI, _cPope, _d1927- _eauthor. |
|
| 240 | 1 | 0 |
_aDiener eurer Freude. _lSpanish _s(Villanueva Salas) |
| 245 | 1 | 0 |
_aServidor de vuestra alegría : _breflexiones sobre la espiritualidad sacerdotal / _cJoseph Ratzinger, Benedicto XVI ; traducción de Marciano Villanueva. |
| 264 | 1 |
_aBarcelona : _bHerder, _c2012. |
|
| 300 | _a1 online resource. | ||
| 336 |
_atext _btxt _2rdacontent |
||
| 337 |
_acomputer _bc _2rdamedia |
||
| 338 |
_aonline resource _bcr _2rdacarrier |
||
| 347 |
_atext file _2rdaft |
||
| 347 | _bEPUB | ||
| 588 | 0 | _aOnline resource; title from ePub title page (Digitalia, viewed April 16, 2022) | |
| 650 | 0 | _aSpirituality. | |
| 650 | 0 | _aPriests. | |
| 655 | 0 | _aElectronic books. | |
| 700 | 1 |
_aVillanueva Salas, Marciano, _etranslator. |
|
| 700 | 1 |
_iTranslation of: _aBenedict _bXVI, _cPope, _d1927- _tDiener eurer Freude. |
|
| 791 | 2 |
_aDigitalia (Firm), _edistributor. |
|
| 793 | 0 |
_gDigitalia eBook Collection: _aHerder Editorial |
|
| 776 | 0 | 8 |
_iPrint version: _aBenedict XVI, Pope, 1927- _sDiener eurer Freude. Spanish (Villanueva Salas). _tServidor de vuestra alegría. _dBarcelona : Herder, 2012 _z9788425424335 |
| 856 | 4 | 0 |
_3Digitalia Hispánica _uhttps://www.digitaliapublishing.com/a/61177/ |
| 910 | _aPremium collection: 2022 | ||
| 942 | _cRAA | ||
| 999 |
_c257455 _d257455 |
||